Taxmann's company law : (Record no. 140654)

MARC details
000 -LEADER
fixed length control field 00835nam a22002057a 4500
005 - DATE AND TIME OF LATEST TRANSACTION
control field 20170601095821.0
020 ## - INTERNATIONAL STANDARD BOOK NUMBER
International Standard Book Number 9789350719770
Terms of availability 625.00
035 ## - SYSTEM CONTROL NUMBER
System control number B-666066
037 ## - SOURCE OF ACQUISITION
Stock number dpl
Source of stock number/acquisition Variety/Ven
082 ## - DEWEY DECIMAL CLASSIFICATION NUMBER
Classification number 346.54066
100 ## - MAIN ENTRY--PERSONAL NAME
Personal name Kapoor, G.K.
245 ## - TITLE STATEMENT
Title Taxmann's company law :
Statement of responsibility, etc by G.K.Kapoor [and] Sanjay Dhamija
Remainder of title a comprehensive text book on companies act 2013 /
250 ## - EDITION STATEMENT
Edition statement 19th ed
260 ## - PUBLICATION, DISTRIBUTION, ETC. (IMPRINT)
Place of publication, distribution, etc New Delhi
Name of publisher, distributor, etc Taxmann Publications
Date of publication, distribution, etc 2016
270 ## - ADDRESS
Address 59/32, New Rohtak Road
City New Delhi
Postal code 110005
Telephone number +91-11-45562222
300 ## - PHYSICAL DESCRIPTION
Extent I-62,654p.
Dimensions 24cm(pbk)
700 ## - ADDED ENTRY--PERSONAL NAME
Personal name Dhamija, Sanjay
942 ## - ADDED ENTRY ELEMENTS (KOHA)
Source of classification or shelving scheme Dewey Decimal Classification
Item type English Books
Call number suffix KAP
Classification part 346.54066
Holdings
Withdrawn status Lost status Not for loan Collection code Home library Current library Date acquired Source of acquisition Cost, normal purchase price Full call number Barcode Copy number Cost, replacement price Koha item type
      Non-fiction Ashok Vihar Ashok Vihar 01/06/2017 BPPD/EN/2015-16/AV/16-17/410/15.2.2017/IN1434/7.3.2017/ 10.3.2017 625.00 346.54066 KAP B-666066 1 625.00 English Books

© Delhi Public Library
Hit Counter
free hit counter